Culture générale par lettre - Y. - Statistiques

Statistiques générales
  • Ce quiz a été pris 3 038 fois
  • Le résultat moyen est 11 sur 15
Statistiques - réponses
Questions Réponses % Correct
Jaune en Anglais. Yellow
99%
Sa capitale est Sanaa. Yémen
94%
Squezzie et Mc fly / Carlito en sont de célèbres en France. Youtubeur
91%
Pratique visant, par la méditation et les exercices corporels à réaliser l'unification de l'être humain dans ses aspects physique, psychique et spirituel. yoga
88%
Prénom du Tennisman Français qui à remporté Roland Garros en 1983. Yannick
84%
Petit dinosaure vert, compagnon du héros de jeu vidéo "Mario". Yoshi
81%
Race de chien ou comté traditionnel d'Angleterre. Yorkshire
80%
Ancienne république d'Europe, dissoute définitivement en 1992. Yougoslavie
80%
Grande espèce de ruminant domestique à longue toison de l'Himalaya. Yack
77%
Célèbre titre des "Village People" sorti en 1978. YMCA
69%
Jeu de société traditionnel de hasard raisonné. Le but est d'enchaîner les combinaisons à l'aide de cinq dés pour remporter un maximum de points. Yam's
68%
Habitat traditionnel de nombreux nomades vivant en Asie centrale, notamment les Turcs, mongols et les wakhis. Yourte
68%
Capitale de la Cote d'Ivoire. Yamoussoukro
44%
Première femme élue membre de l'Académie française en 1980. Marguerite Yourcenar
38%
Plantes vivaces à feuillage persistant qui peuvent rester au stade de simple touffe herbacée ou bien plus souvent former des stipes ligneux ressemblant à de véritables troncs. Yucca
10%
Aucun quiz correspondant
Distribution des résultats
% des personnes avec chaque résultat
Percentile par nombre de réponses
Votre historique - résultats
Vous n’avez pas pris ce quiz